Valparaíso: guía de arquitectura. Valparaíso-Sevilla, 2005
Guardat en:
| Format: | Llibre |
|---|---|
| Idioma: | espanyol anglès |
| Publicat: |
Sevilla
Junta de Andalucía
2005
|
| Edició: | 1a. ed |
| Matèries: | |
| Etiquetes: |
Afegir etiqueta
Sense etiquetes, Sigues el primer a etiquetar aquest registre!
|
MARC
| LEADER | 00000nam a2200000 a 4500 | ||
|---|---|---|---|
| 001 | UCJ9046 | ||
| 003 | CL-VaPUC | ||
| 008 | 070302e20050000sp |||||||||||||||||spa|d | ||
| 020 | |a 8480954256 | ||
| 020 | |a 8480954086v.12 | ||
| 041 | 0 | 7 | |a spa |2 CL-VaPUC |
| 041 | 0 | 7 | |a eng |2 CL-VaPUC |
| 082 | 0 | 4 | |a 983.255 |b VAL |2 21 |
| 245 | 1 | 0 | |a Valparaíso: guía de arquitectura. Valparaíso-Sevilla, 2005 |
| 246 | 1 | 3 | |a An architectural guide |
| 250 | |a 1a. ed | ||
| 300 | |a v | ||
| 651 | 0 | |a Valparaíso, Chile |9 261144 | |
| 942 | |c BK | ||
| 945 | |d 20070302 00:00:00 |a cmena | ||
| 260 | |a Sevilla |b Junta de Andalucía |c 2005 | ||
| 500 | |a Incluye: Valparaíso: plano guía de arquitectura de la ciudad. Valparaiso: an architectural guide, general city plan | ||
| 500 | |a v.1: Una ciudad, su historia y su gente. A city, its history and people | ||
| 500 | |a v.2: Un itinerario de descubrimientos. A revealing itinerary | ||
| 650 | 0 | |a Historia local |9 266584 | |
| 650 | 0 | |a Edificios |9 260501 | |
| 650 | 0 | |a Desarrollo económico y social |9 256320 | |
| 650 | 0 | |a Antropología cultural y social |9 265143 | |
| 650 | 0 | |a Diseño arquitectónico |9 265271 | |
| 650 | 0 | |a Ciudades |9 265474 | |
| 650 | 7 | |a PLANOS |2 CL-VaPUC |9 260106 | |
| 583 | |a last modification |c 20171116 02:51:26 |k Rodrigo Vera | ||
| 999 | |c 324685 |d 324683 | ||
| 952 | |0 0 |1 0 |4 0 |6 983_255000000000000_VAL_2005 |7 0 |8 X |9 404977 |a BIBHIS |b BIBHIS |d 2019-11-22 |h v.1 |i 4314360 |o 983.255 VAL 2005 |p 4314360 |r 2024-01-30 |w 2019-11-22 |y BK_X |k HIS | ||
| 952 | |0 0 |1 0 |4 0 |6 983_255000000000000_VAL_2005 |7 0 |8 X |9 404978 |a BIBHIS |b BIBHIS |d 2019-11-22 |h v.2 |i 4314352 |l 1 |o 983.255 VAL 2005 |p 4314352 |r 2024-01-30 |s 2023-08-21 |w 2019-11-22 |y BK_X |k HIS | ||
| 952 | |0 0 |1 0 |4 0 |6 983_255000000000000_VAL_2005 |7 0 |8 F |9 404979 |a BIBARQ |b BIBARQ |d 2019-11-22 |h v.2 |i 4780302 |l 1 |o 983.255 VAL 2005 |p 4780302 |r 2025-01-20 |s 2022-11-15 |w 2019-11-22 |y BK_F |k ARQ | ||
| 952 | |0 0 |1 0 |4 0 |6 983_255000000000000_VAL_2005 |7 0 |8 F |9 404980 |a BIBARQ |b BIBARQ |d 2019-11-22 |h pl |i 4780310 |o 983.255 VAL 2005 |p 4780310 |r 2025-01-20 |w 2019-11-22 |y BK_F |k ARQ | ||